Letecká doprava ako faktor globalizácie spoločnosti –konkurencieschopnosť slovenských a českých letísk
Letecká doprava je dôležitým hýbateľom globalizačných síl vo svetovej ekonomike. Má významné kvantitatívne a kvalitatívne dopady na cestovný ruch, zahraničný obchod, priame zahraničné investície, hospodársku štruktúru a produktivitu na národnej ako aj medzinárodnej úrovni. Popri aerolíniách sú najkr...
Enregistré dans:
| Auteur principal: | |
|---|---|
| Format: | Chapitre de livre |
| Langue: | slovaque |
| Sujets: | |
| Tags: |
Pas de tags, Soyez le premier à ajouter un tag!
|
MARC
| LEADER | 00000naa$a2200000$$$4500 | ||
|---|---|---|---|
| 001 | 0105607 | ||
| 005 | 20240502072154.5 | ||
| 041 | 0 | |a slo | |
| 044 | |a SK | ||
| 245 | 1 | 0 | |a Letecká doprava ako faktor globalizácie spoločnosti –konkurencieschopnosť slovenských a českých letísk |c Martin Grančay |
| 520 | |a Letecká doprava je dôležitým hýbateľom globalizačných síl vo svetovej ekonomike. Má významné kvantitatívne a kvalitatívne dopady na cestovný ruch, zahraničný obchod, priame zahraničné investície, hospodársku štruktúru a produktivitu na národnej ako aj medzinárodnej úrovni. Popri aerolíniách sú najkritickejším prvkom leteckej dopravy letiská. Popis metodiky indexu konkurencieschopnosti letísk, ktorý porovnáva kvalitu slovenských a českých letísk so svetovými. | ||
| 610 | 2 | 0 | |a doprava letecká |
| 610 | 2 | 0 | |a Slovensko |
| 610 | 2 | 0 | |a Česko |
| 610 | 2 | 0 | |a konkurencieschopnosť |
| 610 | 2 | 0 | |a analýza komparatívna |
| 610 | 2 | 0 | |a letiská |
| 610 | 2 | 0 | |a globalizácia |
| 100 | 1 | |a Grančay, Martin, 1984-2024 | |